| 000 | 00798cam a2200193 4500 | ||
|---|---|---|---|
| 001 | WB3636-28 | ||
| 008 | 000000n2000 000 0 eng u | ||
| 035 | _a(Sirsi) u108322 | ||
| 245 | _aServiced apartment supply concerns | ||
| 260 | _c2000 | ||
| 490 |
_aEstates Gazette _v (0036) 9 September 2000, 46(1) |
||
| 520 | _aA revamped Association of Interim Housing Providers is to lobby government to give serviced apartments in London greater priority. Although demand significantly outweighs supply in this sector, planning policies are hindering growth. Graph and tables. | ||
| 590 | _aWB | ||
| 650 | _aASSOCIATION OF INTERIM HOUSING PROVIDERS | ||
| 650 | _aSERVICED APARTMENTS | ||
| 650 | _aLONDON | ||
| 690 | _aENVIRONMENTAL AND LAND CONSULTANCY-PLANNING AND DEVELOPMENT | ||
| 942 | _n0 | ||
| 999 |
_c64666 _d64666 |
||